[Event "Rated Rapid game"]
[Site "?"]
[Date "2021.05.08"]
[Round "?"]
[White "Mariya37"]
[Black "Delyvj"]
[Result "1-0"]
[WhiteElo "2410"]
[BlackElo "2420"]
[PlyCount "75"]
[EventDate "2021.??.??"]
[EventType "rapid"]

1. e4 e5 2. Nf3 d5 3. Nxe5 dxe4 4. d4 exd3 5. Bxd3 Nd7 6. Nf3 Bb4+ 7. c3 Qe7+
8. Qe2 Qxe2+ 9. Bxe2 Bd6 10. Nbd2 Ngf6 11. Nc4 Be7 12. Bf4 Nd5 13. Bg3 N7b6 14.
O-O-O Be6 15. Nd4 Bg5+ 16. Kc2 Nxc4 17. Nxe6 Nce3+ 18. fxe3 Nxe3+ 19. Kb1 fxe6
20. Rde1 Nxg2 21. Bb5+ c6 22. Rxe6+ Kf7 23. Bc4 Kf8 24. Rf1+ Bf6 25. Rf2 b5 26.
Bd6+ Kf7 27. Rexf6+ Ke8 28. Re6+ Kd7 29. Bb3 Nh4 30. Rf7+ Kd8 31. Be7+ Kc8 32.
Bxh4 g5 33. Rxc6+ Kd8 34. Bxg5+ Ke8 35. Rcc7 h6 36. Rce7+ Kd8 37. Rxa7+ Ke8 38.
Rxa8# {Normal} 1-0

[Event "Rated Rapid game"]
[Site "?"]
[Date "2021.05.08"]
[Round "?"]
[White "ahmedibrahim1995"]
[Black "Gmjaknour"]
[Result "0-1"]
[WhiteElo "2234"]
[BlackElo "2619"]
[PlyCount "20"]
[EventDate "2021.??.??"]
[EventType "rapid"]

1. e4 e5 2. Nf3 d5 3. exd5 e4 4. Qe2 Nf6 5. d3 Bb4+ 6. c3 O-O 7. cxb4 exf3 8.
Qxf3 Re8+ 9. Be2 Bg4 10. Qg3 Rxe2+ {Normal} 0-1

[Event "Rated Blitz tournament may21bta"]
[Site "?"]
[Date "2021.05.08"]
[Round "?"]
[White "hari2209"]
[Black "babageldi2277"]
[Result "0-1"]
[WhiteElo "2514"]
[BlackElo "2708"]
[PlyCount "112"]
[EventDate "2021.??.??"]
[EventType "blitz"]

1. e4 e5 2. Nf3 d5 3. Nxe5 Bd6 4. d4 Nf6 5. exd5 O-O 6. Be2 Nxd5 7. O-O c5 8.
c3 cxd4 9. cxd4 Nc6 10. Bf3 Bxe5 11. dxe5 Be6 12. Re1 Ndb4 13. Nc3 Nd3 14. Bxc6
Nxe1 15. Bxb7 Qxd1 16. Nxd1 Nc2 17. Bxa8 Rxa8 18. Rb1 Bxa2 19. Nc3 Bxb1 20.
Nxb1 Nd4 21. Nc3 a5 22. Be3 Nc6 23. f4 a4 24. Bc5 g6 25. Kf2 Na5 26. Nxa4 Nb3
27. Nb6 Ra2 28. Ba3 Nd4 29. Nc4 h5 30. g3 Nb5 31. Bc5 Ra1 32. Be3 Rb1 33. Kf3
Nc7 34. Ke4 Ne6 35. Bd2 Rh1 36. h4 Rg1 37. Kf3 Rb1 38. Bc3 Ng7 39. Nd6 Nf5 40.
Nxf5 gxf5 41. Ke3 Kf8 42. b4 Ke8 43. Kd4 Kd7 44. Kc5 Rc1 45. Kc4 Rg1 46. b5
Rxg3 47. Bb4 Rg4 48. Kd5 Rxf4 49. Bd6 Rf1 50. b6 Rb1 51. Bc7 f4 52. Ke4 Rb4+
53. Kf3 Ke6 54. Bd6 Rxb6 55. Kxf4 f6 56. Bc7 Rb4+ {Normal} 0-1

[Event "Rated Blitz tournament may21bta"]
[Site "?"]
[Date "2021.05.08"]
[Round "?"]
[White "Arad_Nazari"]
[Black "babageldi2277"]
[Result "0-1"]
[WhiteElo "2519"]
[BlackElo "2689"]
[PlyCount "46"]
[EventDate "2021.??.??"]
[EventType "blitz"]

1. e4 e5 2. Nf3 d5 3. exd5 e4 4. Qe2 Be7 5. Qxe4 Nf6 6. Qa4+ c6 7. dxc6 O-O 8.
Nc3 Nxc6 9. Bb5 Bd7 10. O-O a6 11. Bxc6 Bxc6 12. Qf4 Bd6 13. Qh4 Re8 14. d3
Bxf3 15. gxf3 h6 16. Kh1 Qd7 17. Bxh6 Qf5 18. Rg1 Qxf3+ 19. Rg2 g6 20. Bg5 Re5
21. Qf4 Re1+ 22. Rxe1 Bxf4 23. Bxf6 Bd2 {Normal} 0-1

[Event "Rated Rapid game"]
[Site "?"]
[Date "2021.05.08"]
[Round "?"]
[White "mario19968"]
[Black "Gmjaknour"]
[Result "0-1"]
[WhiteElo "2514"]
[BlackElo "2769"]
[PlyCount "36"]
[EventDate "2021.??.??"]
[EventType "rapid"]

1. e4 e5 2. Nf3 d5 3. Nxe5 Nd7 4. Nxd7 Qxd7 5. exd5 Qxd5 6. d4 Nf6 7. Nc3 Bb4
8. Be3 Bxc3+ 9. bxc3 O-O 10. Bd3 Bg4 11. Qd2 Qxg2 12. Be2 Qxh1+ 13. Bf1 Bh3 14.
Qe2 Ne4 15. O-O-O Nxc3 16. Qd3 Nxd1 17. Qxd1 Bxf1 18. Qd3 Bxd3+ {Normal} 0-1

[Event "Rated Blitz game"]
[Site "?"]
[Date "2021.05.08"]
[Round "?"]
[White "Moskva2117"]
[Black "artsportscience"]
[Result "1-0"]
[WhiteElo "2427"]
[BlackElo "2364"]
[PlyCount "127"]
[EventDate "2021.??.??"]
[EventType "blitz"]

1. e4 e5 2. Nf3 d5 3. exd5 e4 4. Qe2 Nf6 5. d3 Qxd5 6. Nc3 Bb4 7. Bd2 Bxc3 8.
Bxc3 O-O 9. Ne5 exd3 10. Qxd3 Qxd3 11. Bxd3 Nd5 12. O-O-O Nxc3 13. bxc3 Be6 14.
Kb2 Nc6 15. Nxc6 bxc6 16. c4 Rab8+ 17. Kc3 g6 18. Rb1 Rb6 19. Rb3 Rfb8 20. Rhb1
Kg7 21. a4 a5 22. Rxb6 Rxb6 23. Rxb6 cxb6 24. Kd4 c5+ 25. Ke5 Bd7 26. Kd6 Bxa4
27. Kc7 Be8 28. Kxb6 a4 29. c3 a3 30. Bb1 Kf6 31. Kxc5 Ba4 32. Kb4 Bc6 33. g3
Be4 34. Ba2 Ke5 35. Kxa3 Bc6 36. Bb1 f5 37. Kb4 h5 38. c5 Kd5 39. Bd3 Bd7 40.
Bb5 Bc8 41. Be8 Ke4 42. Bxg6 Kf3 43. Bxh5+ Kxf2 44. Bg6 Kg2 45. h4 Kxg3 46. h5
f4 47. h6 f3 48. h7 f2 49. Bd3 Bf5 50. Bxf5 f1=Q 51. h8=Q Qf4+ 52. Qd4 Qb8+ 53.
Kc4 Qc7 54. Qd6+ Qxd6 55. cxd6 Kf4 56. Kd5 Kxf5 57. d7 Kf4 58. d8=Q Ke3 59. Qd6
Kd2 60. Qe5 Kc2 61. Qe4+ Kxc3 62. Ke5 Kb3 63. Qd4 Kc2 64. Kd5 {Time forfeit}
1-0

[Event "Rated Blitz game"]
[Site "?"]
[Date "2021.05.08"]
[Round "?"]
[White "StephaneFrance"]
[Black "Razario90"]
[Result "0-1"]
[WhiteElo "2285"]
[BlackElo "2438"]
[PlyCount "56"]
[EventDate "2021.??.??"]
[EventType "blitz"]

1. e4 e5 2. Nf3 d5 3. exd5 e4 4. Qe2 Nf6 5. d3 Qxd5 6. dxe4 Qxe4 7. Nc3 Qxe2+
8. Bxe2 Bb4 9. Bd2 O-O 10. O-O-O Nc6 11. Nb5 Bxd2+ 12. Rxd2 Bf5 13. Nh4 Be4 14.
f3 a6 15. Nxc7 Rac8 16. fxe4 Rxc7 17. Bf3 g6 18. g3 Ne5 19. Bg2 Rfc8 20. c3 b5
21. Kb1 Kg7 22. Rf1 a5 23. Rd5 Nxd5 24. exd5 Nc4 25. Rf2 Nd6 26. Nf3 b4 27.
cxb4 axb4 28. Ne5 Rc1# {Normal} 0-1

[Event "Rated Blitz tournament NUyynfz0"]
[Site "?"]
[Date "2021.05.08"]
[Round "?"]
[White "tiaraputri2004"]
[Black "om_gendut"]
[Result "1/2-1/2"]
[WhiteElo "2293"]
[BlackElo "2422"]
[PlyCount "22"]
[EventDate "2021.??.??"]
[EventType "blitz"]

1. e4 e5 2. Nf3 d5 3. d3 dxe4 4. dxe4 Qxd1+ 5. Kxd1 Bg4 6. Be2 Nc6 7. c3 Bc5 8.
Ke1 f6 9. Nfd2 Bxe2 10. Kxe2 Nge7 11. Nb3 Bb6 {Normal} 1/2-1/2

[Event "Rated Blitz game"]
[Site "?"]
[Date "2021.05.08"]
[Round "?"]
[White "cronopio78"]
[Black "babageldi2277"]
[Result "0-1"]
[WhiteElo "2544"]
[BlackElo "2706"]
[PlyCount "22"]
[EventDate "2021.??.??"]
[EventType "blitz"]

1. e4 e5 2. Nf3 d5 3. d3 dxe4 4. dxe4 Qxd1+ 5. Kxd1 Nc6 6. a3 Bg4 7. Bd3 O-O-O
8. Be3 f5 9. exf5 e4 10. h3 Bxf3+ 11. gxf3 exd3 {Normal} 0-1

[Event "Rated Blitz game"]
[Site "?"]
[Date "2021.05.07"]
[Round "?"]
[White "cantorypoeta"]
[Black "hkn967"]
[Result "0-1"]
[WhiteElo "2313"]
[BlackElo "2427"]
[PlyCount "40"]
[EventDate "2021.??.??"]
[EventType "blitz"]

1. e4 e5 2. Nf3 d5 3. exd5 e4 4. Qe2 Nf6 5. Nc3 Be7 6. Nxe4 Nxd5 7. d3 O-O 8.
c4 Nf6 9. Bd2 Re8 10. O-O-O Bf5 11. Bc3 Nc6 12. Qc2 a5 13. a3 Nb4 14. axb4 axb4
15. Bxf6 Bxf6 16. Nxf6+ Qxf6 17. Qb3 Bd7 18. Qxb4 Ra1+ 19. Kc2 Ba4+ 20. b3 Ra2+
{Normal} 0-1

[Event "Rated Blitz game"]
[Site "?"]
[Date "2021.05.07"]
[Round "?"]
[White "UFCfan"]
[Black "Fantastic_power06"]
[Result "0-1"]
[WhiteElo "2776"]
[BlackElo "2675"]
[PlyCount "190"]
[EventDate "2021.??.??"]
[EventType "blitz"]

1. e4 e5 2. Nf3 d5 3. Nxe5 Bd6 4. d4 dxe4 5. Nc4 Nc6 6. Nc3 Bf5 7. g4 Bg6 8. h4
h5 9. Be3 Nf6 10. gxh5 Bxh5 11. Be2 Bxe2 12. Qxe2 Bb4 13. O-O-O Bxc3 14. bxc3
Qd5 15. Kb1 Qb5+ 16. Ka1 Qh5 17. Qxh5 Rxh5 18. Bg5 Nd5 19. Kb2 f6 20. Bc1 O-O-O
21. Rdg1 Rd7 22. Rg4 b5 23. Na3 b4 24. cxb4 Ndxb4 25. Rxe4 Nxd4 26. Be3 Ndc6
27. Rg1 Nd5 28. Nc4 Nxe3 29. Rxe3 Rb5+ 30. Rb3 Rc5 31. Ne3 Nd4 32. Rb4 a5 33.
Ra4 Rb5+ 34. Ka1 Ne2 35. Re1 Nc3 36. Rc4 Nd5 37. Nf5 Kb7 38. a3 Nb6 39. Rf4 Rd2
40. Ne3 a4 41. Rg1 g5 42. hxg5 fxg5 43. Rf7 Nd5 44. Rxg5 Nc3 45. Rxb5+ Nxb5 46.
Kb2 Rd6 47. Rf4 Rb6 48. Nd5 Rd6 49. Rb4 Rxd5 50. c4 Rd2+ 51. Kc1 Rxf2 52. cxb5
Kb6 53. Rxa4 Kxb5 54. Rb4+ Ka5 55. Rc4 Kb6 56. Rc2 Rf8 57. Kb2 c5 58. Kb3 Kc6
59. Rc3 Rb8+ 60. Kc2 Ra8 61. Rd3 Kb5 62. Rb3+ Kc4 63. Rc3+ Kd5 64. Rd3+ Kc6 65.
Rc3 Ra7 66. Rb3 c4 67. Rh3 Rf7 68. Rh5 Rf3 69. Kb2 Rb3+ 70. Kc2 Rxa3 71. Kb2
Rf3 72. Kc2 Kb6 73. Kb2 Rf6 74. Kc2 Rc6 75. Kc3 Kb7 76. Rh4 Ra6 77. Rxc4 Ra3+
78. Kd4 Rh3 79. Rc3 Rh5 80. Kd3 Rh2 81. Kc4 Kb6 82. Kb3 Kb5 83. Rc4 Rh1 84. Rc3
Rb1+ 85. Kc2 Rf1 86. Rb3+ Kc4 87. Rc3+ Kb4 88. Rd3 Rf2+ 89. Rd2 Rf6 90. Rd4+
Kc5 91. Kd3 Rf3+ 92. Ke4 Ra3 93. Rd3 Ra4+ 94. Rd4 Ra7 95. Ke3 Re7+ {Time
forfeit} 0-1

[Event "Rated Blitz game"]
[Site "?"]
[Date "2021.05.07"]
[Round "?"]
[White "j55555"]
[Black "blastol"]
[Result "0-1"]
[WhiteElo "2280"]
[BlackElo "2404"]
[PlyCount "132"]
[EventDate "2021.??.??"]
[EventType "blitz"]

1. e4 e5 2. Nf3 d5 3. d4 dxe4 4. Nxe5 Bd6 5. Bc4 Bxe5 6. dxe5 Qxd1+ 7. Kxd1 Nc6
8. c3 Nxe5 9. Bd5 Nd3 10. Rf1 Nf6 11. Bc4 Bg4+ 12. f3 O-O-O 13. fxg4 Nxb2+ 14.
Kc2 Nxc4 15. g5 Nd5 16. Rxf7 e3 17. Na3 e2 18. Bb2 Nde3+ 19. Kb3 Nd2+ 20. Ka4
Nd1 21. Nc2 Nxb2+ 22. Ka3 Ndc4+ 23. Kb3 Rd1 24. Re7 Rxa1 25. Nxa1 Nd3 26. Nc2
Nd2+ 27. Ka3 Nc4+ 28. Kb3 Nce5 29. Rxg7 e1=Q 30. Nxe1 Nxe1 31. h4 Nxg2 32. h5
Nf4 33. Re7 Nc6 34. Re4 Nxh5 35. Rh4 Ng7 36. c4 Ne6 37. g6 h6 38. Re4 Kd7 39.
Kc3 Rg8 40. Rg4 Rg7 41. c5 Ne5 42. Rg1 Rxg6 43. Rh1 Rg3+ 44. Kd2 Ng4 45. Ke2
Nf4+ 46. Kd2 h5 47. a4 Rg2+ 48. Kc3 Ne2+ 49. Kd3 Ng3 50. Rh3 Nf2+ 51. Ke3 Nxh3
52. Kf3 Rc2 53. Kxg3 Rxc5 54. Kxh3 Ra5 55. Kh4 Rd5 56. Kh3 c5 57. Kg3 a5 58.
Kf3 Kd6 59. Ke3 c4 60. Ke2 c3 61. Ke3 c2 62. Ke4 c1=Q 63. Kf3 Qc4 64. Ke3 Rd3+
65. Ke2 Qc2+ 66. Ke1 Rd1# {Normal} 0-1

[Event "Rated Blitz game"]
[Site "?"]
[Date "2021.05.07"]
[Round "?"]
[White "varaman"]
[Black "blastol"]
[Result "0-1"]
[WhiteElo "2267"]
[BlackElo "2411"]
[PlyCount "118"]
[EventDate "2021.??.??"]
[EventType "blitz"]

1. e4 e5 2. Nf3 d5 3. Nxe5 Bd6 4. d4 dxe4 5. Nc3 Nf6 6. Bg5 O-O 7. Bc4 a6 8.
O-O Bf5 9. Nd5 Kh8 10. Re1 Nbd7 11. Nxd7 Bxd7 12. Nxf6 gxf6 13. Bh6 Rg8 14.
Bxf7 Qe7 15. Bxg8 Rxg8 16. c3 Bg4 17. f3 Bxf3 18. Qxf3 exf3 19. Rxe7 Rxg2+ 20.
Kf1 Bxe7 21. Re1 Re2 22. Rxe2 fxe2+ 23. Kxe2 Kg8 24. Kf3 Kf7 25. Ke4 Bd6 26.
Bf4 Bxf4 27. Kxf4 Ke6 28. c4 c6 29. b4 b5 30. c5 h6 31. h4 f5 32. h5 Kf6 33. a3
Ke6 34. Ke3 Kd5 35. Kf4 Ke6 36. d5+ cxd5 37. c6 Kd6 38. Kxf5 Kxc6 39. Ke5 a5
40. bxa5 Kc5 41. a6 Kb6 42. Kxd5 Kxa6 43. Ke6 Ka5 44. Kf6 Ka4 45. Kg6 Kxa3 46.
Kxh6 b4 47. Kg6 b3 48. h6 b2 49. h7 b1=Q+ 50. Kg7 Qb7+ 51. Kh8 Qc8+ 52. Kg7
Qd7+ 53. Kg8 Qe8+ 54. Kg7 Qe5+ 55. Kg8 Qg5+ 56. Kh8 Qe5+ 57. Kg8 Qe8+ 58. Kg7
Qe7+ 59. Kh8 Qf8# {Normal} 0-1

[Event "Rated Blitz game"]
[Site "?"]
[Date "2021.05.07"]
[Round "?"]
[White "UFCfan"]
[Black "Fantastic_power06"]
[Result "1-0"]
[WhiteElo "2771"]
[BlackElo "2680"]
[PlyCount "137"]
[EventDate "2021.??.??"]
[EventType "blitz"]

1. e4 e5 2. Nf3 d5 3. Nxe5 Bd6 4. d4 dxe4 5. Nc4 Nc6 6. Be3 Nf6 7. Nxd6+ Qxd6
8. Nc3 Bf5 9. h3 O-O-O 10. g4 Bg6 11. Nb5 Qe7 12. c3 h5 13. Qa4 a6 14. Na3 Nb8
15. g5 Nd5 16. h4 f5 17. gxf6 gxf6 18. O-O-O Rhg8 19. Bh3+ Nd7 20. Rhg1 Kb8 21.
Qb3 Bf7 22. Qc2 Be6 23. Qxe4 Nxe3 24. Qxe3 Rge8 25. Rge1 Nf8 26. d5 Bxh3 27.
Qxe7 Rxe7 28. Rxe7 Ng6 29. Rf7 Nxh4 30. Rxf6 Bg4 31. Rd3 Be2 32. Re3 Bg4 33. c4
Nf5 34. Re5 Nd4 35. Nc2 Nf3 36. Re3 Rh8 37. Rexf3 Bxf3 38. Rxf3 Rg8 39. Rh3 Rg2
40. Rxh5 Rxf2 41. b3 b6 42. Rh7 a5 43. Kb2 Rg2 44. Kc3 Rg3+ 45. Kd2 Rg4 46. Ne3
Re4 47. Kd3 Rf4 48. Rh2 Rf7 49. Kd4 Rf4+ 50. Kd3 Rf7 51. Ng4 Re7 52. Kd4 Re1
53. Ne5 Rd1+ 54. Kc3 Rc1+ 55. Kb2 Re1 56. Nc6+ Kb7 57. Rh8 Re2+ 58. Ka3 Rf2 59.
Rb8+ Ka6 60. Rc8 Kb7 61. Rb8+ Ka6 62. Nd4 Rd2 63. Nb5 Rf2 64. Nxc7+ Ka7 65. Re8
Kb7 66. Nb5 Ka6 67. Re7 Rf7 68. Rxf7 a4 69. Ra7# {Normal} 1-0

[Event "Rated Blitz game"]
[Site "?"]
[Date "2021.05.07"]
[Round "?"]
[White "Lukoje"]
[Black "CaroyinixDiscomix"]
[Result "0-1"]
[WhiteElo "2411"]
[BlackElo "2397"]
[PlyCount "38"]
[EventDate "2021.??.??"]
[EventType "blitz"]

1. e4 e5 2. Nf3 d5 3. Nxe5 Bd6 4. d4 dxe4 5. Nc4 Nf6 6. Be2 h6 7. O-O Bf5 8.
Nxd6+ Qxd6 9. c4 O-O 10. Nc3 Nc6 11. Be3 Rfe8 12. Rc1 Rad8 13. Qb3 Nxd4 14.
Bxd4 Qxd4 15. Qxb7 e3 16. fxe3 Qxe3+ 17. Kh1 Ne4 18. Bf3 Nf2+ 19. Rxf2 Qxc1+ {
Normal} 0-1

[Event "Rated Blitz game"]
[Site "?"]
[Date "2021.05.07"]
[Round "?"]
[White "greenbubbl_e"]
[Black "KamranShirazi"]
[Result "1-0"]
[WhiteElo "2493"]
[BlackElo "2490"]
[PlyCount "59"]
[EventDate "2021.??.??"]
[EventType "blitz"]

1. e4 e5 2. Nf3 d5 3. exd5 e4 4. Qe2 Nf6 5. d3 Bb4+ 6. c3 O-O 7. dxe4 Bc5 8.
Bg5 c6 9. b4 Bb6 10. d6 h6 11. Bxf6 Qxf6 12. e5 Qg6 13. Nbd2 Re8 14. a4 a5 15.
Nc4 Ba7 16. h3 Nd7 17. O-O-O axb4 18. cxb4 b5 19. Na5 Nxe5 20. Nxc6 f6 21. Ne7+
Rxe7 22. dxe7 Be6 23. Rd8+ Kh7 24. Nxe5 Qg5+ 25. Qd2 Qxe5 26. Bd3+ f5 27. e8=Q
Rxd8 28. Qxd8 Qa1+ 29. Kc2 Qxa4+ 30. Kb1 {Time forfeit} 1-0

[Event "Rated Blitz game"]
[Site "?"]
[Date "2021.05.07"]
[Round "?"]
[White "Fegatelo78"]
[Black "KinzyabulatovRenat"]
[Result "0-1"]
[WhiteElo "2406"]
[BlackElo "2399"]
[PlyCount "64"]
[EventDate "2021.??.??"]
[EventType "blitz"]

1. e4 e5 2. Nf3 d5 3. Nxe5 Bd6 4. d4 dxe4 5. Nc4 Nf6 6. Be2 O-O 7. O-O Nc6 8.
c3 Qe7 9. Bg5 h6 10. Bh4 g5 11. Bg3 Bxg3 12. fxg3 Nd5 13. b4 b5 14. Ncd2 Ne3
15. Qe1 Nc2 16. Qd1 Nxa1 17. Bxb5 Bd7 18. Re1 f5 19. Nf1 f4 20. gxf4 gxf4 21.
Nbd2 e3 22. Nf3 a6 23. Bc4+ Be6 24. Bxe6+ Qxe6 25. d5 Rad8 26. c4 Qf6 27. Qa4
Nd4 28. Nxd4 Qxd4 29. Kh1 Qxc4 30. Rxa1 Rxd5 31. h3 e2 32. Nh2 Qc3 {Time
forfeit} 0-1

[Event "Rated Blitz tournament AzLKHX18"]
[Site "?"]
[Date "2021.05.07"]
[Round "?"]
[White "Zhigalko_Sergei"]
[Black "iskander2007"]
[Result "1-0"]
[WhiteElo "2767"]
[BlackElo "2353"]
[PlyCount "77"]
[EventDate "2021.??.??"]
[EventType "blitz"]

1. e4 e5 2. Nf3 d5 3. exd5 e4 4. Qe2 f5 5. Nc3 Nf6 6. Nd4 Bb4 7. Qc4 Bxc3 8.
dxc3 Qxd5 9. Bg5 Qxc4 10. Bxc4 Nc6 11. Nb5 Ne5 12. Bb3 Kd7 13. O-O-O+ Kc6 14.
Nd4+ Kb6 15. Bf4 Ng6 16. Bg5 c5 17. Ne6 Bxe6 18. Bxe6 Ne7 19. Bxf6 gxf6 20. Rd7
Nc6 21. Bxf5 Rhe8 22. Re1 Re5 23. Bxh7 Rae8 24. g4 Rh8 25. h4 Ne7 26. Bxe4 Nc6
27. h5 f5 28. gxf5 Rxh5 29. Rdd1 Rh2 30. f4 Re7 31. Bxc6 Rxe1 32. Rxe1 Kxc6 33.
f6 Rh6 34. Re6+ Kd5 35. f7 Rh1+ 36. Kd2 Kxe6 37. f8=Q Rh2+ 38. Ke1 Rxc2 39.
Qe8+ {Time forfeit} 1-0

[Event "Rated Blitz game"]
[Site "?"]
[Date "2021.05.07"]
[Round "?"]
[White "greenbubbl_e"]
[Black "KamranShirazi"]
[Result "1-0"]
[WhiteElo "2493"]
[BlackElo "2489"]
[PlyCount "53"]
[EventDate "2021.??.??"]
[EventType "blitz"]

1. e4 e5 2. Nf3 d5 3. exd5 e4 4. Qe2 Nf6 5. d3 Bb4+ 6. c3 O-O 7. dxe4 Bc5 8.
Bg5 c6 9. b4 Bb6 10. d6 Re8 11. e5 Nbd7 12. Nbd2 h6 13. Bh4 g5 14. Bg3 Nh5 15.
O-O-O Nxg3 16. hxg3 g4 17. Rxh6 gxf3 18. Nxf3 Nxe5 19. Qe4 f5 20. Qf4 Nxf3 21.
gxf3 Bxf2 22. Bc4+ Kg7 23. Rdh1 Be3+ 24. Kb2 Bxf4 25. Rh7+ Kf6 26. gxf4 Rg8 27.
R1h6+ {Normal} 1-0

[Event "Rated Blitz tournament eMXNvI74"]
[Site "?"]
[Date "2021.05.07"]
[Round "?"]
[White "Chesstomioka"]
[Black "Fantastic_power06"]
[Result "0-1"]
[WhiteElo "2513"]
[BlackElo "2642"]
[PlyCount "32"]
[EventDate "2021.??.??"]
[EventType "blitz"]

1. e4 e5 2. Nf3 d5 3. exd5 e4 4. Nd4 Qxd5 5. Nb3 Qe5 6. Nc3 Nf6 7. Be2 Nc6 8.
O-O Bd6 9. g3 Bh3 10. Re1 O-O-O 11. d3 Rhe8 12. Bf4 Qf5 13. Bxd6 Rxd6 14. Qc1
exd3 15. Bxd3 Rxe1+ 16. Qxe1 Rxd3 {Normal} 0-1

[Event "Rated Blitz tournament eMXNvI74"]
[Site "?"]
[Date "2021.05.07"]
[Round "?"]
[White "stambul65"]
[Black "logozar"]
[Result "1-0"]
[WhiteElo "2515"]
[BlackElo "2272"]
[PlyCount "66"]
[EventDate "2021.??.??"]
[EventType "blitz"]

1. e4 e5 2. Nf3 d5 3. d4 dxe4 4. Nxe5 Be6 5. Nc3 Nf6 6. Bg5 Nbd7 7. Nxd7 Qxd7
8. Bxf6 gxf6 9. d5 Bf5 10. Bb5 c6 11. dxc6 bxc6 12. Qxd7+ Kxd7 13. O-O-O+ Kc7
14. Bc4 Bh6+ 15. Kb1 Bg6 16. Rhe1 f5 17. g3 Rad8 18. Ne2 Rxd1+ 19. Rxd1 Rd8 20.
Rxd8 Kxd8 21. Nf4 Ke7 22. b4 Kf6 23. Kb2 Bxf4 24. gxf4 Bh5 25. Kc3 Bf3 26. Kd4
Kg6 27. Ke5 f6+ 28. Ke6 e3 29. fxe3 Be4 30. c3 Kh5 31. Kxf6 Kg4 32. Be6 Kf3 33.
Bxf5 Bd5 {Normal} 1-0

[Event "Rated Blitz game"]
[Site "?"]
[Date "2021.05.07"]
[Round "?"]
[White "Pouya1360"]
[Black "GrandeGila"]
[Result "1-0"]
[WhiteElo "2401"]
[BlackElo "2444"]
[PlyCount "85"]
[EventDate "2021.??.??"]
[EventType "blitz"]

1. e4 e5 2. Nf3 d5 3. Nxe5 Bd6 4. d4 dxe4 5. Qe2 Qe7 6. Nc3 Nf6 7. Bg5 Bxe5 8.
dxe5 Qxe5 9. Bxf6 Qxf6 10. Nxe4 Qe7 11. O-O-O O-O 12. Qf3 Be6 13. Kb1 Nc6 14.
Bd3 Nb4 15. a3 Nxd3 16. Rxd3 Rad8 17. Re3 h6 18. Rhe1 Rd7 19. h3 Rfd8 20. g4 b5
21. h4 b4 22. a4 Qxh4 23. g5 hxg5 24. Rh1 Qf4 25. Qh5 f6 26. Nxg5 Qxg5 27. Rxe6
Qxh5 28. Rxh5 Kf7 29. Rc6 Rd1+ 30. Ka2 R8d7 31. Ra5 R1d2 32. Kb3 Rxf2 33. Rxa7
g5 34. Rcxc7 Rxc7 35. Rxc7+ Kg6 36. a5 g4 37. a6 Rf1 38. Kxb4 Ra1 39. Kb5 g3
40. Rc8 Kg7 41. Rc3 Rg1 42. a7 g2 43. a8=Q {Normal} 1-0

[Event "Rated Blitz game"]
[Site "?"]
[Date "2021.05.07"]
[Round "?"]
[White "StudyKeyser"]
[Black "blastol"]
[Result "0-1"]
[WhiteElo "2385"]
[BlackElo "2414"]
[PlyCount "118"]
[EventDate "2021.??.??"]
[EventType "blitz"]

1. e4 e5 2. Nf3 d5 3. exd5 Bd6 4. d3 f5 5. Nc3 Nf6 6. g3 O-O 7. Bg2 Qe8 8. O-O
Qg6 9. Bd2 c6 10. dxc6 Nxc6 11. Nb5 Bb8 12. Nc3 f4 13. Nh4 Qh6 14. Nd5 g5 15.
Nxf6+ Rxf6 16. Nf3 g4 17. Nh4 Qh5 18. c3 f3 19. Bh1 Be6 20. Qa4 Bd6 21. Be3 Be7
22. h3 Rf7 23. hxg4 Bxg4 24. Ng2 fxg2 25. Bxg2 Bf3 26. Qb3 Bxg2 27. Kxg2 Qf3+
28. Kg1 Rd8 29. Rad1 Rd6 30. Qxb7 Rg6 31. Qc8+ Nd8 32. Qh3 Rfg7 33. Qg2 Rxg3
34. fxg3 Qxe3+ 35. Qf2 Rxg3+ 36. Kh2 Rh3+ 37. Kg2 Qh6 38. Rh1 Qg6+ 39. Kxh3 Ne6
40. Rhg1 Ng5+ 41. Rxg5 Bxg5 42. Rg1 Qh6+ 43. Kg2 Qg6 44. Kf1 h6 45. Qg2 Qxd3+
46. Qe2 e4 47. Qxd3 exd3 48. Kf2 d2 49. Kf3 Kf7 50. Rd1 Ke6 51. Kg4 Kd5 52. b3
Ke4 53. c4 Kd3 54. Rxd2+ Bxd2 55. Kh5 Be3 56. c5 Bxc5 57. b4 Bxb4 58. Kg4 Ba3
59. Kh5 Kc2 {Time forfeit} 0-1

[Event "Rated Blitz game"]
[Site "?"]
[Date "2021.05.07"]
[Round "?"]
[White "puzzle_boi"]
[Black "Sinrah-Tensei"]
[Result "0-1"]
[WhiteElo "2381"]
[BlackElo "2437"]
[PlyCount "102"]
[EventDate "2021.??.??"]
[EventType "blitz"]

1. e4 e5 2. Nf3 d5 3. Nxe5 Bd6 4. d4 dxe4 5. Bc4 Bxe5 6. Qh5 Qxd4 7. Qxf7+ Kd8
8. O-O Nc6 9. Nc3 Bd6 10. Rd1 Qf6 11. Qh5 Qf5 12. Bg5+ Nf6 13. Qh4 Re8 14. Nb5
Ne5 15. Bb3 Nf7 16. Bxf7 Re7 17. Bb3 Qxb5 18. Bxf6 gxf6 19. Qxf6 Bd7 20. Rd5
Qe2 21. Rad1 a5 22. R5d2 Qh5 23. g3 Ra6 24. Qh8+ Re8 25. Qf6+ Kc8 26. Qd4 a4
27. Bc4 Rb6 28. b3 axb3 29. cxb3 Bg4 30. Re1 Bf3 31. a4 Rb4 32. Qd5 Qxd5 33.
Rxd5 h5 34. h4 Re5 35. Rxe5 Bxe5 36. Kh2 Kd7 37. Rc1 Kd6 38. Rc2 Bd4 39. Rd2 c6
40. Rxd4+ Kc5 41. Rd2 b5 42. axb5 cxb5 43. Be6 Rd4 44. Bh3 Kd6 45. Bg2 Rxd2 46.
Bxf3 exf3 47. Kh3 Rxf2 48. g4 Rg2 49. g5 Ke5 50. g6 Kf6 51. g7 Kxg7 {Time
forfeit} 0-1

[Event "Rated Blitz game"]
[Site "?"]
[Date "2021.05.07"]
[Round "?"]
[White "TysonT"]
[Black "GoughPhar"]
[Result "0-1"]
[WhiteElo "2395"]
[BlackElo "2457"]
[PlyCount "74"]
[EventDate "2021.??.??"]
[EventType "blitz"]

1. e4 e5 2. Nf3 d5 3. exd5 e4 4. Qe2 Nf6 5. Nc3 Be7 6. Nxe4 O-O 7. Nxf6+ Bxf6
8. Qd1 Qxd5 9. Be2 Nc6 10. O-O Re8 11. d3 Bg4 12. h3 Bh5 13. Be3 Bxb2 14. Rb1
Ba3 15. Rxb7 Bd6 16. c4 Qf5 17. Rb5 Qd7 18. Rxh5 g6 19. Rb5 a6 20. Rb1 h5 21.
d4 h4 22. d5 Ne5 23. Nxe5 Bxe5 24. c5 Qf5 25. Bg4 Qf6 26. Qf3 Qg7 27. Bd7 Re7
28. Bc6 Rd8 29. Rb4 g5 30. Rg4 f6 31. Qf5 Rf7 32. Rb1 Kh8 33. Rb7 Rg8 34. d6
cxd6 35. Rxf7 Qxf7 36. cxd6 Qxa2 37. d7 Qa1+ {Normal} 0-1

[Event "Rated Blitz game"]
[Site "?"]
[Date "2021.05.07"]
[Round "?"]
[White "RomChartres"]
[Black "Fantastic_power06"]
[Result "1-0"]
[WhiteElo "2561"]
[BlackElo "2674"]
[PlyCount "135"]
[EventDate "2021.??.??"]
[EventType "blitz"]

1. e4 e5 2. Nf3 d5 3. d4 dxe4 4. Nxe5 Bd6 5. Qh5 Be6 6. Nc3 Nf6 7. Qh4 Nbd7 8.
Nxe4 Nxe5 9. Nxd6+ Qxd6 10. dxe5 Qxe5+ 11. Be2 O-O-O 12. Qa4 Bg4 13. Be3 Bxe2
14. Kxe2 Nd5 15. Qxa7 Nf4+ 16. Kf3 g5 17. Qa8+ Kd7 18. Qa4+ b5 19. Bxf4 Qd5+
20. Qe4 Qxe4+ 21. Kxe4 Rde8+ 22. Kf3 gxf4 23. Rad1+ Kc6 24. Rd4 Re7 25. Rhd1
Rhe8 26. R1d2 Kb6 27. Rxf4 c6 28. Rf6 Ra8 29. a3 Ra4 30. Rf4 Raa7 31. Rf6 Ra4
32. c3 Rh4 33. h3 Rh5 34. Rd4 Rhe5 35. Rdf4 Re1 36. Rxf7 R7e2 37. Rxh7 Rxb2 38.
Rh6 Rc1 39. Kg4 Rxc3 40. g3 Rcc2 41. Rhf6 Ka5 42. h4 Rc1 43. h5 Rh1 44. h6 c5
45. a4 bxa4 46. R6f5 Rb4 47. Rxc5+ Kb6 48. Rxb4+ Kxc5 49. Rxa4 Rxh6 50. Ra5+
Kb6 51. Rh5 Rg6+ 52. Rg5 Rf6 53. f4 Rc6 54. Re5 Rc2 55. Kf5 Kc7 56. g4 Kd6 57.
g5 Rh2 58. g6 Rh5+ 59. Kf6 Rh8 60. g7 Rg8 61. Kf7 Ra8 62. g8=Q Ra7+ 63. Kf6 Ra5
64. Qe6+ Kc7 65. Rxa5 Kb8 66. Rd5 Kb7 67. Rd7+ Ka8 68. Qe8# {Normal} 1-0

[Event "Rated Blitz game"]
[Site "?"]
[Date "2021.05.07"]
[Round "?"]
[White "oj_ossa"]
[Black "annaly1979"]
[Result "0-1"]
[WhiteElo "2449"]
[BlackElo "2400"]
[PlyCount "80"]
[EventDate "2021.??.??"]
[EventType "blitz"]

1. e4 e5 2. Nf3 d5 3. Nxe5 Qe7 4. d4 f6 5. Qh5+ g6 6. Nxg6 Qxe4+ 7. Be3 Qxg6 8.
Qxd5 Ne7 9. Qb3 Nbc6 10. Nd2 Bf5 11. O-O-O O-O-O 12. Nf3 Nd5 13. Bc4 Nb6 14.
Nh4 Na5 15. Be6+ Kb8 16. Qb5 Bxe6 17. Nxg6 hxg6 18. Qxa5 Bd6 19. d5 Bf5 20. h3
g5 21. Rhe1 Be5 22. c4 Bxb2+ 23. Kxb2 Nxc4+ 24. Kc3 Nxa5 25. Bd4 Rhf8 26. Re7
b6 27. Rde1 Rxd5 28. g4 Bc8 29. Re8 Rxe8 30. Rxe8 Kb7 31. Bxf6 Bd7 32. Re7 Bc6
33. Rg7 Rc5+ 34. Kd3 Rd5+ 35. Ke3 Nc4+ 36. Ke2 Rd2+ 37. Ke1 Bf3 38. Rd7 Rxd7
39. Bd4 Rxd4 40. h4 Rd1# {Normal} 0-1